[Event "2BLS 1819 FB Mörlenbach-Birkenau - SG "]
[Site "?"]
[Date "2018.11.11"]
[Round "2.7"]
[White "Mager, Denis"]
[Black "Boehmer, Christian"]
[Result "1-0"]
[WhiteElo "2269"]
[BlackElo "2170"]
[PlyCount "83"]
[EventDate "2018.??.??"]

1. c4 Nf6 2. Nc3 g6 3. e4 d6 4. d4 Bg7 5. Be2 c5 6. d5 b5 7. cxb5 a6 8. Nf3
axb5 9. Bxb5+ Bd7 10. Bxd7+ Nbxd7 11. Qe2 O-O 12. O-O Nb6 13. Bd2 Nfd7 14. b3
Qb8 15. Rab1 Ra3 16. Bc1 Ra5 17. Bb2 Qa8 18. a4 Rb8 19. Qc2 Qb7 20. Nd1 Nf6 21.
Bc3 Ra6 22. Ne3 e6 23. dxe6 fxe6 24. a5 Na8 25. Ng5 d5 26. Be5 Rc8 27. Qb2 d4
28. Nc4 h6 29. Nf3 Nxe4 30. Rbe1 Rf8 31. Bxg7 Kxg7 32. Qe2 Nf6 33. Qe5 Qxb3 34.
Qxc5 Rf7 35. Nxd4 Qa4 36. Nxe6+ Kh7 37. Nd6 Rc6 38. Qe5 Nd7 39. Qg3 Rf6 40.
Ng5+ Kg8 41. Re8+ Rf8 42. Ne6 1-0

[Event "2BLS 1819 FB Mörlenbach-Birkenau - SG "]
[Site "?"]
[Date "2018.11.11"]
[Round "2.8"]
[White "Felgendreher, Heiko"]
[Black "Kraemer, Enrico"]
[Result "1/2-1/2"]
[WhiteElo "2213"]
[BlackElo "2198"]
[PlyCount "84"]
[EventDate "2018.??.??"]

1. e4 e5 2. Nf3 Nc6 3. d4 exd4 4. Nxd4 Nf6 5. Nxc6 bxc6 6. e5 Qe7 7. Qe2 Nd5 8.
c4 Nb6 9. Nc3 Qe6 10. Qe4 Ba6 11. b3 Bb4 12. Bd2 Bxc3 13. Bxc3 d5 14. Qh4 dxc4
15. Rc1 O-O 16. Be2 Bb7 17. bxc4 c5 18. Bd3 f5 19. O-O Rad8 20. Rfd1 Qc6 21. f3
Rde8 22. Bc2 Bc8 23. Rd5 Kh8 24. Rcd1 Nxd5 25. cxd5 Qb6 26. Ba4 c4+ 27. Bd4 c5
28. Bc3 Qd8 29. Qxc4 Bd7 30. Bc2 Qb6 31. Rb1 Qc7 32. e6 Bc8 33. Ba4 Re7 34. Rd1
Rd8 35. Bd2 Bxe6 36. dxe6 Rd4 37. Qb3 Qd6 38. Bd7 h6 39. Kf1 Rxd2 40. Rxd2 Qxd2
41. Qb8+ Kh7 42. Qf8 Qd1+ 1/2-1/2

[Event "2BLS 1819 OSG Baden-Baden II - SC Eppin"]
[Site "?"]
[Date "2018.11.11"]
[Round "2.1"]
[White "Noe, Christopher"]
[Black "Gledura, Benjamin"]
[Result "1/2-1/2"]
[WhiteElo "2529"]
[BlackElo "2622"]
[PlyCount "119"]
[EventDate "2018.??.??"]

1. d4 Nf6 2. Nf3 d5 3. Bf4 c5 4. c3 Qb6 5. Qb3 Nc6 6. Na3 c4 7. Qxb6 axb6 8.
Nb5 Ra5 9. a4 Bf5 10. e3 Bc2 11. Be2 e6 12. Bd1 Bxd1 13. Kxd1 Ne4 14. Ke2 Be7
15. Nd2 Nxd2 16. Kxd2 Kd7 17. Kc2 Na7 18. Nxa7 Rxa7 19. Rhe1 Rha8 20. e4 dxe4
21. Rxe4 Rxa4 22. Rae1 R4a5 23. d5 Rxd5 24. Rxc4 Bc5 25. Bg3 h5 26. Rce4 g5 27.
R4e2 Ra4 28. Be5 b5 29. f3 Bd6 30. Rd2 Rxd2+ 31. Kxd2 Rc4 32. Kd3 g4 33. b3 Rc5
34. Bxd6 Kxd6 35. Ra1 gxf3 36. gxf3 Rg5 37. Ra7 Kc6 38. Ra8 Rg2 39. Rf8 Rxh2
40. Rxf7 Rf2 41. Rf4 h4 42. Ke3 Rc2 43. Kd3 Rh2 44. Re4 Kd6 45. Rb4 h3 46. Rxb5
Rh1 47. Rh5 b5 48. Ke3 h2 49. Kf4 e5+ 50. Kg3 Rc1 51. Kxh2 Rxc3 52. f4 Re3 53.
Kg2 Re4 54. fxe5+ Rxe5 55. Rh4 Rf5 56. b4 Kd5 57. Rg4 Rf8 58. Rh4 Ke5 59. Rh5+
Rf5 60. Rxf5+ {(=)} 1/2-1/2

[Event "2BLS 1819 OSG Baden-Baden II - SC Eppin"]
[Site "?"]
[Date "2018.11.11"]
[Round "2.2"]
[White "Gozzoli, Yannick"]
[Black "Medvegy, Zoltan"]
[Result "1-0"]
[WhiteElo "2612"]
[BlackElo "2538"]
[PlyCount "63"]
[EventDate "2018.??.??"]

1. d4 e6 2. c4 Bb4+ 3. Bd2 a5 4. Nf3 d6 5. g3 Nc6 6. Bg2 e5 7. O-O exd4 8. Nxd4
Nxd4 9. Bxb4 axb4 10. Qxd4 Nf6 11. Rd1 Ra6 12. Nd2 O-O 13. Nf1 c5 14. Qd3 Qc7
15. a3 bxa3 16. Rxa3 Rxa3 17. bxa3 Rd8 18. e4 Be6 19. f4 Ne8 20. Ne3 Ra8 21. f5
Bc8 22. e5 dxe5 23. Qd8 Kf8 24. f6 gxf6 25. Bh3 Bxh3 26. Qxa8 Qb6 27. Qd8 Qb2
28. Qd2 Qxa3 29. g4 Kg8 30. Qf2 h5 31. Rd8 Qa2 32. Rd2 1-0

[Event "2BLS 1819 OSG Baden-Baden II - SC Eppin"]
[Site "?"]
[Date "2018.11.11"]
[Round "2.3"]
[White "Guliyev, Namig"]
[Black "Martin, Julian"]
[Result "1-0"]
[WhiteElo "2523"]
[BlackElo "2389"]
[PlyCount "80"]
[EventDate "2018.??.??"]

1. e4 c5 2. Nf3 Nc6 3. Nc3 e5 4. Bc4 Be7 5. d3 Nf6 6. Nd2 d6 7. Nf1 Bg4 8. f3
Be6 9. Ne3 Nd4 10. O-O a6 11. a4 O-O 12. Bd2 b5 13. axb5 axb5 14. Nxb5 Rb8 15.
Nxd4 exd4 16. Bxe6 dxe3 17. Ba5 Qe8 18. Bb3 d5 19. e5 Rxb3 20. cxb3 Nd7 21. f4
d4 22. Qf3 Nb8 23. Qb7 Nc6 24. Be1 Qc8 25. Qb5 Qd7 26. Ra6 Rc8 27. Rb6 Bf8 28.
Bg3 Qd8 29. Ra1 h5 30. Be1 g5 31. Qa6 Qd7 32. fxg5 Nxe5 33. Bg3 Nc6 34. Qc4 h4
35. Bxh4 Ne5 36. Qc2 c4 37. bxc4 Nxc4 38. Rh6 Nd2 39. Qd1 Bd6 40. g6 Qg4 1-0

[Event "2BLS 1819 OSG Baden-Baden II - SC Eppin"]
[Site "?"]
[Date "2018.11.11"]
[Round "2.4"]
[White "Halkias, Stelios"]
[Black "Ruck, Robert"]
[Result "1-0"]
[WhiteElo "2544"]
[BlackElo "2515"]
[PlyCount "153"]
[EventDate "2018.??.??"]

1. Nf3 Nf6 2. c4 c5 3. Nc3 Nc6 4. e3 e6 5. d4 d5 6. cxd5 Nxd5 7. Bd3 Be7 8. a3
O-O 9. Nxd5 Qxd5 10. Qc2 h6 11. Bh7+ Kh8 12. Be4 Qd6 13. dxc5 Qxc5 14. Qxc5
Bxc5 15. b4 Be7 16. Bb2 Bd7 17. Ke2 Rfd8 18. Rhd1 Bf6 19. Bxf6 gxf6 20. Rac1
Kg7 21. Bxc6 Bxc6 22. Rxd8 Rxd8 23. Nd4 Bd7 24. e4 e5 25. Nf5+ Kg6 26. Rd1 Bb5+
27. Ke1 Rxd1+ 28. Kxd1 Bd7 29. Nd6 b6 30. Ke2 Kg7 31. Kd3 b5 32. Nf5+ Kg6 33.
Ne7+ Kg7 34. Ke3 Kf8 35. Nd5 Kg7 36. f4 Bc6 37. Ne7 Bd7 38. g3 Kf8 39. Nd5 Kg7
40. Ne7 Kf8 41. Nd5 Kg7 42. Kf3 Bc6 43. Ne7 Bd7 44. Nf5+ Kg6 45. Nd6 Bc6 46. h3
Bd7 47. h4 Kg7 48. Nb7 Be6 49. Nc5 Bc4 50. Ke3 exf4+ 51. Kxf4 Kg6 52. Nb7 Be6
53. Nd6 Bd7 54. Nf5 Be6 55. Ne7+ Kg7 56. Nc6 Bd7 57. Nd4 Kg6 58. Nf3 Bc6 59.
Nd2 Bd7 60. Nb3 Bc8 61. Nc5 Kh5 62. Nd3 Bd7 63. Ne1 Bc8 64. Nc2 Be6 65. Ne3 Kg6
66. Nd5 Kg7 67. Ne7 Bd7 68. Ke3 Kf8 69. Nd5 f5 70. e5 Bc6 71. Kd4 Ba8 72. Nf6
Ke7 73. Kc5 Ke6 74. Kxb5 Kxe5 75. Ka6 f4 76. gxf4+ Kxf4 77. b5 1-0

[Event "2BLS 1819 OSG Baden-Baden II - SC Eppin"]
[Site "?"]
[Date "2018.11.11"]
[Round "2.5"]
[White "Bilchinski, Anton"]
[Black "Riff, Jean-Noel"]
[Result "1/2-1/2"]
[WhiteElo "2310"]
[BlackElo "2488"]
[PlyCount "30"]
[EventDate "2018.??.??"]

1. d4 Nf6 2. c4 e6 3. Nc3 Bb4 4. Qc2 O-O 5. a3 Bxc3+ 6. Qxc3 d5 7. Nf3 b6 8.
Bg5 Bb7 9. e3 h6 10. Bxf6 Qxf6 11. c5 Qe7 12. Rc1 c6 13. Bd3 Nd7 14. b4 a5 15.
O-O axb4 {(=)} 1/2-1/2

[Event "2BLS 1819 OSG Baden-Baden II - SC Eppin"]
[Site "?"]
[Date "2018.11.11"]
[Round "2.6"]
[White "Bellahcene, Bilel"]
[Black "Hacker, Jonas"]
[Result "1-0"]
[WhiteElo "2488"]
[BlackElo "2350"]
[PlyCount "119"]
[EventDate "2018.??.??"]

1. e4 e5 2. Nf3 Nc6 3. Bb5 a6 4. Ba4 Nf6 5. O-O Be7 6. Re1 b5 7. Bb3 d6 8. c3
O-O 9. a4 Bb7 10. d4 Na5 11. Bc2 c5 12. d5 c4 13. h3 Bc8 14. Be3 Qc7 15. Nbd2
Bd7 16. Qe2 Rfb8 17. axb5 axb5 18. Ra2 Ra6 19. Rea1 Rba8 20. Ne1 Bc8 21. Bd1
Nd7 22. Nc2 Nc5 23. Nb4 R6a7 24. Bc2 h6 25. Qh5 Bf8 26. Qh4 Qe7 27. Qg3 g6 28.
f4 exf4 29. Qxf4 Bg7 30. Qf2 Kh7 31. Qf1 Bd7 32. Nf3 Be8 33. Re1 Nab7 34. Rxa7
Rxa7 35. Bf4 Ra8 36. e5 dxe5 37. Nxe5 Qf6 38. Qf3 Nd6 39. Qe3 Ncb7 40. Ng4 Qh4
41. Be5 Bd7 42. Bxg7 Bxg4 43. Be5 Bf5 44. Bg3 Qf6 45. Qf2 Qg7 46. Be5 Qf8 47.
Bxf5 Nxf5 48. g4 Nfd6 49. Qf6 Ne8 50. Qf4 Nbd6 51. Nc6 Ra2 52. Qf2 Nc8 53. Bd4
Ncd6 54. Bc5 Qg7 55. Re7 Kg8 56. Bd4 Qf8 57. Rd7 Ne4 58. Qe3 Ng5 59. h4 Ra1+
60. Kg2 1-0

[Event "2BLS 1819 OSG Baden-Baden II - SC Eppin"]
[Site "?"]
[Date "2018.11.11"]
[Round "2.7"]
[White "Gibicar, Danijel"]
[Black "Schmaltz, Roland"]
[Result "0-1"]
[WhiteElo "2286"]
[BlackElo "2446"]
[PlyCount "94"]
[EventDate "2018.??.??"]

1. e4 c5 2. Nf3 d6 3. d4 cxd4 4. Nxd4 Nf6 5. Nc3 a6 6. Be3 e6 7. Be2 Be7 8. f4
Qc7 9. Bf3 Nc6 10. Qe2 Nxd4 11. Bxd4 e5 12. Be3 exf4 13. Bxf4 Be6 14. O-O-O O-O
15. g4 Nd7 16. g5 Ne5 17. h4 Rac8 18. Bxe5 dxe5 19. Nd5 Bxd5 20. exd5 Bd6 21.
Be4 Qc4 22. Qxc4 Rxc4 23. Bd3 Rf4 24. Rdf1 e4 25. Be2 f5 26. gxf6 gxf6 27.
Rhg1+ Kh8 28. Rxf4 Bxf4+ 29. Kd1 f5 30. Bh5 Bd6 31. Ke2 f4 32. Rf1 Rf5 33. Bg4
Rxd5 34. Be6 Re5 35. Bg4 h5 36. Bc8 Re7 37. Bf5 Kg7 38. Rd1 Bc5 39. Rd5 f3+ 40.
Ke1 b6 41. Bc8 Kh6 42. Bxa6 Rg7 43. Rf5 Be7 44. Rf4 Rg4 45. Rf7 Bxh4+ 46. Kf1
Bg5 47. Bb7 Be3 0-1

[Event "2BLS 1819 OSG Baden-Baden II - SC Eppin"]
[Site "?"]
[Date "2018.11.11"]
[Round "2.8"]
[White "Mutschnik, Illya"]
[Black "Hamid, Emran"]
[Result "1/2-1/2"]
[WhiteElo "2400"]
[BlackElo "2182"]
[PlyCount "65"]
[EventDate "2018.??.??"]

1. e4 e5 2. Nf3 Nc6 3. Bb5 a6 4. Bxc6 dxc6 5. O-O Bg4 6. h3 h5 7. d3 Qf6 8. Be3
Bxf3 9. Qxf3 Qxf3 10. gxf3 Bd6 11. Nd2 Ne7 12. Nc4 Ng6 13. Rfb1 f5 14. exf5 Nh4
15. f4 exf4 16. Nxd6+ cxd6 17. Bxf4 Kd7 18. Kh1 Nf3 19. b4 Rhf8 20. a4 Rxf5 21.
Be3 g5 22. Kg2 Rg8 23. b5 g4 24. bxc6+ bxc6 25. Rb7+ Ke6 26. Rab1 gxh3+ 27.
Kxh3 Ng1+ 28. Kh2 Nf3+ 29. Kh3 c5 30. Ra7 Rg4 31. Rbb7 Ng1+ 32. Kh2 Nf3+ 33.
Kh3 1/2-1/2

[Event "2BLS 1819 SC Emmendingen - SF Bad Merge"]
[Site "?"]
[Date "2018.11.11"]
[Round "2.1"]
[White "Rakotomaharo, Fy Antenaina"]
[Black "Rausis, Igors"]
[Result "0-1"]
[WhiteElo "2429"]
[BlackElo "2652"]
[PlyCount "62"]
[EventDate "2018.??.??"]

1. e4 c5 2. Nf3 Nc6 3. Nc3 g6 4. d4 cxd4 5. Nxd4 Bg7 6. Be3 Nf6 7. Bc4 O-O 8.
Bb3 a6 9. O-O d6 10. h3 Na5 11. f4 Qc7 12. Qf3 b5 13. e5 dxe5 14. Ndxb5 Qb8 15.
fxe5 Nd7 16. Bxf7+ Kh8 17. Nd4 Nxe5 18. Qd5 Nac4 19. Bf4 Bb7 20. Qxc4 Nxc4 21.
Bxb8 Bxd4+ 22. Kh2 Ne3 23. Bg3 Nxf1+ 24. Rxf1 Rad8 25. Bc4 Rxf1 26. Bxf1 Bxc3
27. bxc3 Rd2 28. Be5+ Kg8 29. Kg3 Rxc2 30. Kg4 Rf2 31. Bc4+ Kf8 0-1

[Event "2BLS 1819 SC Emmendingen - SF Bad Merge"]
[Site "?"]
[Date "2018.11.11"]
[Round "2.2"]
[White "Baklan, Vladimir"]
[Black "Karpatchev, Aleksandr"]
[Result "1/2-1/2"]
[WhiteElo "2605"]
[BlackElo "2416"]
[PlyCount "130"]
[EventDate "2018.??.??"]

1. e4 e5 2. Nf3 Nc6 3. Bb5 a6 4. Ba4 Nf6 5. Nc3 Bc5 6. O-O O-O 7. Bxc6 dxc6 8.
d3 Bg4 9. h3 Bh5 10. Qe2 Re8 11. Nd1 Nd7 12. Ne3 Bxe3 13. Qxe3 Nf8 14. g4 Bg6
15. Nxe5 Rxe5 16. f4 Re7 17. f5 f6 18. fxg6 hxg6 19. Qg3 g5 20. h4 gxh4 21.
Qxh4 Qd4+ 22. Qf2 Qd7 23. Qf5 Qd4+ 24. Qf2 Qd7 25. g5 fxg5 26. Bxg5 Re6 27. Qf5
Nh7 28. Be3 Qd6 29. Qf4 Re5 30. Qh2 Qg6+ 31. Qg2 Qe6 32. Rf3 Qd7 33. Raf1 Rf8
34. Rg3 Rxf1+ 35. Qxf1 Re7 36. Qh3 Qe8 37. Bd4 Nf8 38. Qh4 Ne6 39. Be3 c5 40.
Rh3 Qg6+ 41. Kh2 Re8 42. Qh5 Qxh5 43. Rxh5 b6 44. Kg3 Kf7 45. Kf3 Kg6 46. Rh1
Kf6 47. c3 Rd8 48. Ke2 a5 49. Rh2 Ke5 50. Rh5+ Kf6 51. Rf5+ Ke7 52. Bg5+ Nxg5
53. Rxg5 Kf6 54. Rf5+ Ke6 55. Rh5 Rd7 56. Ke3 Rd8 57. d4 cxd4+ 58. cxd4 c6 59.
Rg5 Kf6 60. Rf5+ Ke6 61. Rh5 Kf6 62. Rh1 Kf7 63. Rh2 Ke7 64. Rg2 Kf7 65. Rh2
Ke7 1/2-1/2

[Event "2BLS 1819 SC Emmendingen - SF Bad Merge"]
[Site "?"]
[Date "2018.11.11"]
[Round "2.3"]
[White "Ikonnikov, Vyacheslav"]
[Black "Shevchenko, Kirill"]
[Result "1/2-1/2"]
[WhiteElo "2546"]
[BlackElo "2549"]
[PlyCount "106"]
[EventDate "2018.??.??"]

1. d4 Nf6 2. Nf3 g6 3. c4 Bg7 4. Nc3 O-O 5. e4 d6 6. Be2 e5 7. d5 a5 8. Bg5 h6
9. Bh4 g5 10. Bg3 Nh5 11. Nd2 Nf4 12. O-O Na6 13. h3 Nxe2+ 14. Qxe2 g4 15. hxg4
Qg5 16. a3 Bxg4 17. f3 Bd7 18. Bf2 h5 19. Be3 Qg6 20. Kh2 b6 21. Rh1 f5 22.
exf5 Bxf5 23. Nde4 Nc5 24. Bxc5 bxc5 25. Kg1 Rab8 26. Re1 Rb3 27. Qf2 Bh6 28.
Ng3 Bg4 29. Re2 Rf4 30. Re4 Bxf3 31. gxf3 Rxe4 32. fxe4 Bf4 33. Rxh5 Bxg3 34.
Qf5 Qxf5 35. Rxf5 Bf4 36. Nb5 Rxb2 37. Nxc7 Rc2 38. Nb5 Rxc4 39. Nxd6 Rd4 40.
Rf7 Rxe4 41. Nxe4 Kxf7 42. Kf1 Ke7 43. Nxc5 Be3 44. Ne4 a4 45. Ke2 Bc1 46. Kd3
Bxa3 47. Nc3 Bb2 48. Nxa4 Bd4 49. Nc3 Bxc3 50. Kxc3 Kd6 51. Kc4 e4 52. Kd4 e3
53. Kxe3 Kxd5 1/2-1/2

[Event "2BLS 1819 SC Emmendingen - SF Bad Merge"]
[Site "?"]
[Date "2018.11.11"]
[Round "2.4"]
[White "Korpa, Bence"]
[Black "Kazakovskiy, Valeriy"]
[Result "1/2-1/2"]
[WhiteElo "2505"]
[BlackElo "2416"]
[PlyCount "178"]
[EventDate "2018.??.??"]

1. Nf3 Nf6 2. g3 b5 3. Bg2 Bb7 4. O-O e6 5. d3 Be7 6. e4 O-O 7. a4 b4 8. Nbd2
d6 9. Ng5 Nfd7 10. Nh3 d5 11. f4 dxe4 12. Nxe4 Nc5 13. Nhf2 Nbd7 14. Be3 Bd5
15. Re1 a5 16. Bd4 Nb7 17. b3 Ra6 18. Qg4 g6 19. Qe2 f5 20. Nd2 Bxg2 21. Kxg2
Qa8 22. Qf3 Kf7 23. Re2 Re8 24. Rae1 Bf8 25. Nc4 Nd6 26. Qxa8 Raxa8 27. Nh3 h6
28. Ne5+ Nxe5 29. Bxe5 Ke7 30. Ng1 Kd7 31. Nf3 Nf7 32. Bf6 Ra6 33. Nh4 Bd6 34.
Nxg6 Rg8 35. Ne5+ Bxe5 36. Bxe5 Rg6 37. c4 bxc3 38. Bxc3 Rg8 39. Rb2 Rb8 40.
Rc1 Nd8 41. Bd2 Nc6 42. Rc5 Kd6 43. Rb5 Rab6 44. Rxb6 cxb6 45. Bc3 b5 46. axb5
Rxb5 47. Kf2 h5 48. Ke2 Kd5 49. Kd1 Nd4 50. b4 axb4 51. Rxb4 Rxb4 52. Bxb4 Nf3
53. h3 Ng1 54. Kd2 Nf3+ 55. Ke3 Nd4 56. Ba5 Nc6 57. Bb6 Ne7 58. Kd2 Kc6 59. Bf2
Nd5 60. Kc2 Kb5 61. Kb3 Ne7 62. Kc3 Nc6 63. Bd4 Ne7 64. Bf6 Nc6 65. Bg7 Kc5 66.
Bf8+ Kd5 67. Ba3 Nd4 68. Kd2 Nb3+ 69. Ke3 Nd4 70. Bb2 Nc6 71. Bc3 Ne7 72. Be1
Kc5 73. Kd2 Nd5 74. Bf2+ Kb4 75. Kc2 Ne7 76. Kb2 Nc6 77. Be1+ Kb5 78. Kc3 Ne7
79. Bd2 Nc6 80. Be3 Ne7 81. Bc1 Nc6 82. Ba3 Na7 83. Bf8 Nc6 84. d4 Kb6 85. Kc4
Na5+ 86. Kd3 Kc6 87. Bb4 Nb7 88. Kc4 Nd6+ 89. Bxd6 Kxd6 1/2-1/2

[Event "2BLS 1819 SC Emmendingen - SF Bad Merge"]
[Site "?"]
[Date "2018.11.11"]
[Round "2.5"]
[White "Gasthofer, Alexander"]
[Black "Sokolov, Andrei"]
[Result "1/2-1/2"]
[WhiteElo "2422"]
[BlackElo "2486"]
[PlyCount "39"]
[EventDate "2018.??.??"]

1. Nf3 Nf6 2. c4 e6 3. g3 d5 4. d4 Bb4+ 5. Bd2 Be7 6. Bg2 O-O 7. O-O c6 8. Qc2
Nbd7 9. Bf4 b6 10. Rd1 Bb7 11. Ne5 Nh5 12. Bd2 Nhf6 13. cxd5 cxd5 14. Nc6 Bxc6
15. Qxc6 Rc8 16. Qb5 Ne8 17. Qd3 Nd6 18. Nc3 Nc4 19. Bc1 Bb4 20. a3 1/2-1/2

[Event "2BLS 1819 SC Emmendingen - SF Bad Merge"]
[Site "?"]
[Date "2018.11.11"]
[Round "2.6"]
[White "Cvitan, Ognjen"]
[Black "Ivanov, Mikhail M"]
[Result "1/2-1/2"]
[WhiteElo "2496"]
[BlackElo "2383"]
[PlyCount "34"]
[EventDate "2018.??.??"]

1. d4 d6 2. e4 Nf6 3. Nc3 c6 4. f4 Qa5 5. Bd3 e5 6. Nf3 Bg4 7. Be3 Nbd7 8. h3
Bxf3 9. Qxf3 Be7 10. O-O O-O 11. a3 b5 12. Ne2 Qc7 13. c3 a6 14. g4 c5 15. Ng3
g6 16. h4 c4 17. Be2 b4 1/2-1/2

[Event "2BLS 1819 SC Emmendingen - SF Bad Merge"]
[Site "?"]
[Date "2018.11.11"]
[Round "2.7"]
[White "Reinhardt, Bernd"]
[Black "Burri, Quentin"]
[Result "0-1"]
[WhiteElo "2157"]
[BlackElo "2415"]
[PlyCount "80"]
[EventDate "2018.??.??"]

1. d4 d5 2. Nf3 Nf6 3. e3 Bg4 4. c4 c6 5. Nbd2 e6 6. h3 Bh5 7. Qb3 Qc7 8. Ne5
Nbd7 9. g4 Bg6 10. Nxg6 hxg6 11. Bg2 a6 12. g5 Ng8 13. Nf3 Ne7 14. Bd2 Nf5 15.
Rc1 Qb6 16. Qxb6 Nxb6 17. c5 Nd7 18. Ba5 f6 19. Rc3 Be7 20. Rb3 Ra7 21. gxf6
gxf6 22. Bc7 Kf7 23. O-O Bd8 24. Bh2 Re8 25. Rd1 Ng7 26. Nd2 f5 27. Nf3 Bf6 28.
Bd6 e5 29. dxe5 Nxe5 30. Nxe5+ Bxe5 31. Bxe5 Rxe5 32. f4 Re7 33. Kf2 Ne6 34.
Rc3 Ra8 35. Bf3 Rh8 36. Kg3 g5 37. fxg5 Nxg5 38. Bg2 Ke6 39. Rh1 Rg7 40. Kh2
Rxh3+ 0-1

[Event "2BLS 1819 SC Emmendingen - SF Bad Merge"]
[Site "?"]
[Date "2018.11.11"]
[Round "2.8"]
[White "Maier, Christian"]
[Black "Gross, Willi"]
[Result "1/2-1/2"]
[WhiteElo "2341"]
[BlackElo "2122"]
[PlyCount "67"]
[EventDate "2018.??.??"]

1. e4 c5 2. Nf3 g6 3. Nc3 Bg7 4. a3 Nc6 5. Bc4 e6 6. O-O Nge7 7. Re1 d6 8. b4
b6 9. bxc5 bxc5 10. Rb1 O-O 11. h3 d5 12. exd5 exd5 13. Bf1 Nf5 14. a4 Nfd4 15.
Nxd4 Nxd4 16. Ne2 Nxe2+ 17. Bxe2 Bd7 18. Bb5 a6 19. Bxd7 Qxd7 20. Qg4 f5 21.
Qf3 Rfe8 22. Ba3 c4 23. a5 Re6 24. Rxe6 Qxe6 25. Qe3 Re8 26. Qxe6+ Rxe6 27.
Rb8+ Kf7 28. Rb7+ Kg8 29. Kf1 c3 30. d3 Bh6 31. Rb8+ Kf7 32. Rb7+ Kg8 33. Rb8+
Kf7 34. Rb7+ 1/2-1/2

[Event "2BLS 1819 SV Jedesheim - SC Eppingen"]
[Site "?"]
[Date "2018.12.15"]
[Round "3.1"]
[White "Acs, Peter"]
[Black "Krassowizkij, Jaroslaw"]
[Result "1/2-1/2"]
[WhiteElo "2595"]
[BlackElo "2473"]
[PlyCount "71"]
[EventDate "2018.??.??"]

1. e4 e6 2. d3 d5 3. Nd2 Nf6 4. Ngf3 c5 5. g3 Nc6 6. Bg2 Be7 7. O-O O-O 8. Re1
Qc7 9. c3 b6 10. Qe2 Ba6 11. e5 Nd7 12. h4 Rae8 13. Nf1 f6 14. exf6 Bxf6 15.
N1h2 e5 16. Qd1 Qd6 17. Ng5 Bxg5 18. hxg5 d4 19. c4 Bb7 20. Bd5+ Kh8 21. Qh5
Nd8 22. Be4 Bxe4 23. Rxe4 Qe6 24. Bd2 Qf5 25. Qe2 Nf7 26. Rg4 Re6 27. Re1 Rg6
28. f4 h6 29. gxh6 gxh6 30. Rxg6 Qxg6 31. g4 exf4 32. Bxf4 Nf6 33. Qf3 h5 34.
Re6 hxg4 35. Qg3 Kg7 36. Re7 1/2-1/2

[Event "2BLS 1819 SV Jedesheim - SC Eppingen"]
[Site "?"]
[Date "2018.12.15"]
[Round "3.2"]
[White "Pikula, Dejan"]
[Black "Noe, Christopher"]
[Result "1/2-1/2"]
[WhiteElo "2486"]
[BlackElo "2532"]
[PlyCount "80"]
[EventDate "2018.??.??"]

1. e4 e5 2. Nf3 Nc6 3. Bc4 Bc5 4. O-O Nf6 5. d3 d6 6. c3 O-O 7. a4 a6 8. h3 Ba7
9. Re1 Re8 10. Nbd2 Be6 11. Bxe6 Rxe6 12. Nf1 d5 13. Bg5 h6 14. Bxf6 Rxf6 15.
exd5 Qxd5 16. Ne3 Qd6 17. b4 Re8 18. b5 Nb8 19. Ra2 Nd7 20. bxa6 bxa6 21. Rae2
Rxf3 22. gxf3 Re6 23. d4 Rg6+ 24. Kh1 Qf6 25. Rg1 Qxf3+ 26. Rg2 exd4 27. cxd4
Nf6 28. Kg1 Ne4 29. Re1 Rxg2+ 30. Nxg2 Qxd1 31. Rxd1 Nc3 32. Re1 Bxd4 33. Re8+
Kh7 34. Ra8 Nxa4 35. Rxa6 Nc5 36. Rc6 Ne6 37. Ne3 Bxe3 38. fxe3 Kg6 39. Kf2 Kf5
40. Ke2 Ke5 1/2-1/2

[Event "2BLS 1819 SV Jedesheim - SC Eppingen"]
[Site "?"]
[Date "2018.12.15"]
[Round "3.3"]
[White "Mesaros, Florian"]
[Black "Heidenfeld, Mark"]
[Result "1-0"]
[WhiteElo "2432"]
[BlackElo "2362"]
[PlyCount "53"]
[EventDate "2018.??.??"]

1. d4 Nf6 2. c4 d6 3. Nc3 e5 4. Nf3 Nbd7 5. e4 Be7 6. Be2 O-O 7. O-O c6 8. Be3
Re8 9. Qc2 Qc7 10. Rfd1 Nf8 11. d5 Ng6 12. g3 Bg4 13. Ne1 cxd5 14. Bxg4 d4 15.
Nd5 Nxd5 16. cxd5 Qxc2 17. Nxc2 dxe3 18. Nxe3 Bd8 19. Nf5 Bc7 20. Rac1 Bb8 21.
Rd3 Nf8 22. Rdc3 g6 23. Rc8 Rxc8 24. Ne7+ Kg7 25. Rxc8 h5 26. Bh3 a5 27. Kg2
1-0

[Event "2BLS 1819 SV Jedesheim - SC Eppingen"]
[Site "?"]
[Date "2018.12.15"]
[Round "3.4"]
[White "Lukovic, Vladimir"]
[Black "Medvegy, Zoltan"]
[Result "0-1"]
[WhiteElo "2428"]
[BlackElo "2536"]
[PlyCount "74"]
[EventDate "2018.??.??"]

1. e4 c5 2. Nf3 Nf6 3. Nc3 d5 4. e5 Nfd7 5. Nxd5 Nxe5 6. Nxe5 Qxd5 7. Bb5+ Nc6
8. Bxc6+ bxc6 9. Nf3 Ba6 10. d3 c4 11. d4 c3 12. bxc3 e6 13. Be3 Bd6 14. Nd2
Qxg2 15. Qf3 Qxf3 16. Nxf3 O-O 17. Nd2 c5 18. dxc5 Be5 19. Bd4 Bf4 20. Be3 Be5
21. Bd4 Bf4 22. Be3 Bb7 23. Bxf4 Bxh1 24. Bd6 Rfd8 25. f3 Bg2 26. Rb1 Bh3 27.
Nc4 e5 28. Nxe5 Rac8 29. Rb7 f6 30. Nd3 Rd7 31. Rb4 Be6 32. Nf4 Bxa2 33. c4
Bxc4 34. Rxc4 Rxd6 35. cxd6 Rxc4 36. Nd5 Rd4 37. c4 Rxd5 0-1

[Event "2BLS 1819 SV Jedesheim - SC Eppingen"]
[Site "?"]
[Date "2018.12.15"]
[Round "3.5"]
[White "Juhasz, Armin"]
[Black "Beletic, Daniel"]
[Result "1-0"]
[WhiteElo "2375"]
[BlackElo "2365"]
[PlyCount "81"]
[EventDate "2018.??.??"]

1. d4 d6 2. Nf3 g6 3. e4 Nf6 4. Nc3 Bg7 5. Be2 O-O 6. O-O a6 7. h3 Nc6 8. Bg5
h6 9. Be3 e6 10. Qd2 Kh7 11. Rad1 h5 12. e5 dxe5 13. Nxe5 Bd7 14. Bf3 Qe8 15.
Bf4 Na5 16. Qe2 Rd8 17. b4 Nc6 18. Nxc6 Bxc6 19. Bxc7 Rc8 20. Bd6 Bxf3 21. Qxf3
Qc6 22. Qxc6 Rxc6 23. Bc5 Rd8 24. Rd3 Nd7 25. Ne4 f5 26. Nd6 Nb6 27. Nxb7 Rb8
28. Na5 Rcc8 29. Re3 Re8 30. Rfe1 e5 31. dxe5 Nd5 32. Rd3 Nf4 33. Rd7 Kh8 34.
Nc6 Rbc8 35. Ne7 Rcd8 36. Rxd8 Rxd8 37. g3 Ne6 38. Nxg6+ Kh7 39. Nf4 Nxc5 40.
bxc5 Bf8 41. Ne6 1-0

[Event "2BLS 1819 SV Jedesheim - SC Eppingen"]
[Site "?"]
[Date "2018.12.15"]
[Round "3.6"]
[White "Anistratov, Dmitriy"]
[Black "Bilchinski, Anton"]
[Result "1/2-1/2"]
[WhiteElo "2306"]
[BlackElo "2309"]
[PlyCount "49"]
[EventDate "2018.??.??"]

1. d4 Nf6 2. Nf3 e6 3. Bf4 d5 4. e3 Bd6 5. Ne5 O-O 6. Nd2 c5 7. c3 Nc6 8. Bg3
Ne8 9. Bd3 f5 10. Nxc6 bxc6 11. Bxd6 Qxd6 12. Nf3 Nf6 13. O-O a5 14. Re1 Nd7
15. Rc1 c4 16. Bc2 Ba6 17. Rb1 c5 18. Ba4 Nf6 19. Ne5 Rfb8 20. h3 Rb7 21. f3
Bb5 22. Bc2 Rab8 23. Re2 Nd7 24. Nxd7 Bxd7 25. Ba4 1/2-1/2

[Event "2BLS 1819 SV Jedesheim - SC Eppingen"]
[Site "?"]
[Date "2018.12.15"]
[Round "3.7"]
[White "Hacker, Jonas"]
[Black "Trussevich, Sergey"]
[Result "0-1"]
[WhiteElo "2373"]
[BlackElo "2287"]
[PlyCount "98"]
[EventDate "2018.??.??"]

1. e4 c5 2. Nf3 e6 3. d4 cxd4 4. Nxd4 d6 5. c4 Nf6 6. Nc3 a6 7. Bd3 Qc7 8. O-O
Be7 9. b3 O-O 10. Bb2 Nbd7 11. Qe2 Re8 12. f4 Bf8 13. Rae1 g6 14. e5 Nh5 15.
Ne4 Nc5 16. g4 Nxe4 17. Qxe4 Ng7 18. Qg2 Rd8 19. Be4 dxe5 20. fxe5 Bc5 21. Qf2
Ra7 22. Kh1 Qe7 23. Rd1 Bd7 24. b4 Bxb4 25. Nb3 Raa8 26. Bxb7 Rab8 27. Bg2 Be8
28. Bd4 h5 29. h3 hxg4 30. hxg4 a5 31. Rd3 a4 32. Nd2 Bxd2 33. Rxd2 Qg5 34. Bf3
Rbc8 35. c5 Rxc5 36. Rfd1 Rcc8 37. Qg2 Bb5 38. Kg1 Rc4 39. Bb6 Rxd2 40. Rxd2
Rc1+ 41. Rd1 Rxd1+ 42. Bxd1 Qxe5 43. Qf2 Bc6 44. Kf1 Qd5 45. Ke1 e5 46. Qc5
Qe4+ 47. Qe3 Qb4+ 48. Kf1 Qb1 49. Ke1 Ne6 0-1

[Event "2BLS 1819 SV Jedesheim - SC Eppingen"]
[Site "?"]
[Date "2018.12.15"]
[Round "3.8"]
[White "Roemer, Ulrich"]
[Black "Gibicar, Danijel"]
[Result "1/2-1/2"]
[WhiteElo "2191"]
[BlackElo "2290"]
[PlyCount "87"]
[EventDate "2018.??.??"]

1. d4 Nf6 2. Nf3 g6 3. e3 Bg7 4. c4 c5 5. d5 b5 6. cxb5 a6 7. Nc3 O-O 8. Be2
axb5 9. Bxb5 Ne4 10. Nxe4 Qa5+ 11. Nc3 Bxc3+ 12. bxc3 Qxb5 13. Nd2 Qd3 14. c4
Na6 15. Qb3 Nb4 16. Qxd3 Nxd3+ 17. Ke2 Nxc1+ 18. Rhxc1 Ra4 19. Kd3 Ba6 20. Rcb1
e6 21. d6 f5 22. Kc3 Ra8 23. Rb6 Kf7 24. Kb3 e5 25. f4 e4 26. a3 Bc8 27. Rb5
R4a6 28. Rxc5 Rxd6 29. Rd5 Rxd5 30. cxd5 Ra5 31. d6 Rd5 32. Nc4 Ba6 33. a4 Ke6
34. Kb4 Rd3 35. Rc1 Kd5 36. a5 h6 37. h4 Ke6 38. Rc3 Rd5 39. Ka4 Rd3 40. Kb4
Rd5 41. Ka4 Rc5 42. Kb4 Rb5+ 43. Ka4 Rc5 44. Kb4 1/2-1/2